000
00329nam a2200133Ia 4500
005
20251222155055.0
008
251222s9999||||xx |||||||||||||| ||spa||
082
_a
EBA. 33
100
_a
CARPENITO, L.
245
0
_a
Diagnóstico de EnfermerÃa Vol.I
250
_a
3ra. ed.
264
_b
OPS/OMS
942
_c
LIB
999
_c
37439
_d
37439